Responses for Show #1335 - Friday, May 25, 1990

Richard Neale game 4.
Missing introductions, Jeopardy! Round, and Double Jeopardy! Round.

Contestants

Paul, from

Fred, from

Richard Neale, a taxpayer service representative from Concord, California (whose 3-day cash winnings total $36,000)

[next game >>]

Jeopardy! Round responses

=
=
=
=
=
=
    $100 5
=

Richard
    $100 9
=

Fred
    $100 19
=

Fred
    $100 1
=

Richard
    $100 24
=

Fred
Triple Stumper
    $100 13
=

Richard
    $200 6
=

Richard
    $200 10
=

Fred
    $200 20
=

Richard
    $200 2
=

Richard
    $200 25
=

Fred
    $200 14
=

Richard
    $300 7
=

Richard
    $300 11
=

Paul
    $300 21
=

Richard
    $500 3
=

Richard
    $300 26
=

Fred
    $300 15
=

Richard
    $400 8
=

Fred
    $400 18
=

RichardFredPaul
    $400 22
=

Richard
    $400 4
=

Paul
    $400 27
=

Fred
    $400 16
=

Richard
    $500 12
=

Richard
    $500 30
=

Richard
    $500 23
=

Fred
    $500 29
=

Richard
    $500 28
=

Paul
Triple Stumper
    $500 17
=

Triple Stumper

Scores at the first commercial break (after clue 17):

Richard Fred Paul
$2,900 $700 $700

Scores at the end of the Jeopardy! Round:

Richard Fred Paul
$4,400 $2,500 -$200

Double Jeopardy! Round responses

=
=
=
=
=
=
    $200 11
=

Richard
    $200 6
=

Fred
    $200 16
=

Paul
    $200 1
=

Richard
    $200 21
=

Richard
    $200 26
=

Richard
    $400 12
=

Fred
    $400 7
=

Richard
    $400 17
=

Richard
    $400 2
=

Richard
    $400 22
=

Richard
    $400 27
=

Paul
    $600 13
=

Richard
    $600 8
=

Richard
    $600 18
=

Richard
    $600 3
=

Richard
    $600 23
=

Fred
    $600 28
=

Fred
    $3,000 14
=

Richard
    $800 9
=

Richard
    $800 19
=

RichardFred
    $800 4
=

Richard
    $800 24
=

Richard
    $800 29
=

Fred
    $1000 15
=

Richard
    $1000 10
=

Richard
    $4,200 20
=

Richard
    $1000 5
=

Triple Stumper
    $1000 25
=

Triple Stumper
    $1000 30
=

Paul

Scores at the end of the Double Jeopardy! Round:

Richard Fred Paul
$21,600 $4,300 $1,400
(lock game)

[wagering suggestions for these scores]

Final Jeopardy! Round responses

THE BIBLE
PaulWho is Cain?
$1,200
FredWho was Abel
$1,300
RichardWho was Cain??
$1,600
Abel

Final scores:

Richard Fred Paul
$20,000 $5,600 $200
4-day champion: $56,000 2nd place: unknown 3rd place: Actions Recliners by Lane recliner & NES with Family & Junior editions of Jeopardy! & Wheel of Fortune

Game dynamics:

Coryat scores:

Richard Fred Paul
$16,000 $4,300 $1,400
36 R
(including 3 DDs),
1 W
14 R,
2 W
5 R,
2 W

Combined Coryat: $21,700

[game clues] [game scores] [suggest correction]

Game tape date: 1989-12-12
The J! Archive is created by fans, for fans. Scraping, republication, monetization, and malicious use prohibited; this site may use cookies and collect identifying information. See terms. The Jeopardy! game show and all elements thereof, including but not limited to copyright and trademark thereto, are the property of Jeopardy Productions, Inc. and are protected under law. This website is not affiliated with, sponsored by, or operated by Jeopardy Productions, Inc. Join the discussion at JBoard.tv.